[Event "FIDE-Wch k.o."]
[Site "Las Vegas"]
[Date "1999.08.04"]
[Round "2.2"]
[White "Sakaev, Konstantin"]
[Black "Lautier, Joel"]
[Result "1/2-1/2"]
[WhiteElo "2648"]
[BlackElo "2638"]
[PlyCount "18"]
[EventDate "1999.07.31"]
[EventType "k.o."]
[EventRounds "7"]
[EventCountry "USA"]
[SourceTitle "CBM 072"]
[Source "ChessBase"]
[SourceDate "1999.10.01"]
[SourceVersion "1"]
[SourceVersionDate "1999.10.01"]
[SourceQuality "1"]

1. d4 {Tsesarsky,Ilya Tsesarsky,Ilya} d5 2. c4 c6 3. Nf3 e6 4. Qc2 dxc4 5. Qxc4 Nf6 6. Bg5 ({RR} 6. g3 Nbd7 ({RR} 6... a6 7. Bg2 Be7 8. Nc3 b5 9. Qb3 O-O 10. O-O Bb7 11. Rd1 Nbd7 12. Ne5 Rc8 13. a4 Qc7 14. Bf4 Qb6 15. a5 Qa7 16. Bh3 c5 17. Nxd7 Nxd7 18. d5 c4 19. Qc2 Bxd5 20. Nxd5 exd5 21. Rxd5) 7. Bg2 e5 8. dxe5 Nxe5 9. Nxe5 Qa5+ 10. Nc3 Qxe5 11. Bxc6+ Bd7 12. Bxb7 ({RR} 12. Bf4) 12... Rd8 13. Bf4 Qf5 14. Bc7 Bc5 15. O-O O-O 16. Bxd8) 6... Be7 ({RR} 6... h6 7. Bxf6 Qxf6 8. e4 Nd7 9. Nc3 a5 10. Be2 Qd8 11. O-O Be7 12. Rad1) ({RR} 6... b5 7. Qc2 Bb7 ({RR} 7... Be7 8. e4 O-O 9. Bd3) 8. Bxf6 ({RR} 8. Nbd2 Nbd7 9. e3 Rc8 10. a4 a6 11. Be2 c5 12. axb5 axb5 13. d5 exd5 14. Bxb5 Qb6 15. Ba4) ({RR} 8. e4 Nbd7 9. Nbd2 h6 10. Bxf6 Qxf6 11. e5 Qd8 12. Bd3 Qb6 13. a4 a6 14. O-O Be7 15. Be4) 8... gxf6 ({RR} 8... Qxf6 9. Nbd2 Nd7 10. e3 a6 11. a4 Bb4 12. Bd3) 9. e3 ({RR} 9. e4 Rg8 10. Nc3) 9... Nd7 10. Nbd2) ({RR} 6... Qb6 7. Nbd2 Qxb2 8. Rb1 Qa3 9. e4 b6 ({RR} 9... Be7 10. Qc2 O-O 11. Nc4) 10. Qc2 Ba6 ({RR} 10... Bb4 11. Bd3) 11. Bc4) 7. Nbd2 ({RR} 7. e3 O-O ({RR} 7... b6 8. Nc3 ({RR} 8. Qc2 Bb7 9. Nc3 ({RR} 9. Bd3 Nbd7 10. Nc3 h6 11. Bh4 O-O 12. O-O-O) 9... Nbd7 10. Rd1 Rc8 11. Be2 Nd5 12. Bxe7 Qxe7) 8... Ba6 9. Qa4 Bxf1 10. Rxf1 O-O 11. Bxf6 Bxf6 12. Ke2 ({RR} 12. O-O-O b5 13. Qc2 Na6 14. Kb1 Nb4 15. Qe2 Qa5 16. Nd2 Be7 17. f4 Nd5 18. Rc1) 12... c5 13. Rfd1 cxd4 14. Ne4 e5 15. exd4 exd4 16. Nxf6+ Qxf6 17. Qxd4) ({RR} 7... Nbd7 8. Bd3 Qa5+ 9. Nbd2 O-O 10. O-O e5 11. Nb3 Qc7 12. Qc2 h6 13. Bh4 exd4 14. Nbxd4 Nd5 15. Bxe7 Nxe7 16. b4 Nf6) 8. Be2 ({RR} 8. Bd3 h6 ({RR} 8... Na6 9. O-O c5 10. dxc5 Nxc5 11. Bxf6 gxf6 12. Bc2 f5 13. Rd1 Qc7 14. Nc3 a5 15. e4 fxe4 16. Nxe4 b5 17. Qe2) ({RR} 8... Nbd7 9. O-O h6 10. Bh4) 9. Bxf6 ({RR} 9. Bh4) 9... Bxf6 10. Nc3 Nd7 11. Rd1 Qe7 ({RR} 11... Qa5 12. O-O Rd8 13. b4 Qh5 14. Ne4 Be7) 12. Bb1 e5 ({RR} 12... g6 13. O-O Bg7) 13. O-O ({RR} 13. d5) 13... exd4 14. exd4 Nb6 15. Qd3 g6 16. Rfe1 Qb4 17. Qd2 Bg7 ({RR} 17... Nc4 18. Qxh6 Nxb2 ({RR} 18... Bg7 19. Qh4 Nxb2 20. Ng5 Rd8 21. Nxf7) 19. Bxg6 fxg6 20. Ng5 ({RR} 20. Qxg6+ Bg7 21. Ng5 Bf5)) 18. a3 ({RR} 18. Ne5) 18... Qd6 19. Ne4 Qc7) 8... Qa5+ 9. Nc3 Nbd7 10. O-O e5 11. Ne4 ({RR} 11. Bxf6 Bxf6 12. Ne4 exd4 ({RR} 12... Be7 13. Rfd1 Nb6 14. Qc2 f5 15. Ned2 e4 16. Nc4 Qb4 17. Nxb6 ({RR} 17. a3 Qa4 18. b3 Qb5 19. Nxb6 Qxb6 20. Bc4+ Kh8 21. Ne5 Qc7 22. Nf7+ Kg8 23. Ne5+)) 13. Nxd4 ({RR} 13. Nxf6+ Nxf6 14. Nxd4 Qb6 15. Qc2 Re8 16. Rfd1 Bg4) 13... Be5 14. Rfd1) ({RR} 11. Rfd1 exd4 12. Qxd4 Rd8 13. Rac1 ({RR} 13. e4 Nc5 14. b4 ({RR} 14. Qe3 Ne6 15. Rxd8+ Bxd8 16. Rd1 Bb6 17. Qd2 Nxg5 18. Nxg5 Bg4) ({RR} 14. Qe5 Be6 15. Nd4 Bd6 ({RR} 15... Nfd7 16. Qg3 Bxg5 17. Qxg5 Qb6 18. Rd2 h6 19. Qh4 Ne5 20. Rad1 Ng6 21. Qg3 Bxa2 22. Bh5 ({RR} 22. Nxa2 Nxe4 23. Qe3 Nxd2 24. Rxd2 c5 25. Nf3 ({RR} 25. Nb5 Rxd2 26. Qxd2 Rd8 27. Qc2 Nf4 28. Bf1 a6 29. Nbc3 Qe6 ({RR} 29... Qd6 30. Ne4 Qg6 ({RR} 30... Qd1 31. Qxd1 Rxd1 32. Nac3) 31. f3))) 22... Kh7 23. e5 ({RR} 23. b4 Nb3) ({RR} 23. Nxa2 Nxe4 24. Bxg6+ fxg6 25. Qf4 Nxd2 26. Rxd2 c5 27. Nf3 Qxb2) 23... Bc4) 16. Nxc6 Qc7 ({RR} 16... Bxe5 17. Nxa5 Rxd1+ 18. Nxd1 Nfxe4 19. Be3) 17. Rxd6 Rxd6 18. Nb5 Qxc6 19. Nxd6 Nfxe4 20. Nxe4 Qxe4 21. Qxe4 Nxe4 22. Be3) 14... Rxd4 15. bxa5 Rxd1+ 16. Rxd1 h6 17. Bxf6 Bxf6 18. e5 Be7 19. Nd4 Ne6 20. Nxe6 Bxe6 21. Rb1 Rb8 22. Bf3 Bg5) 13... Nc5 14. Qh4 Be6 15. Nd4 ({RR} 15. b4 Rxd1+ 16. Rxd1 Qa3 17. bxc5 Qxc3 18. Bd3 h6 19. Bxf6 Bxf6 20. Qe4 g6) 15... h6 16. Nxe6 Nxe6 17. Bxf6 Bxf6) 11... exd4 ({RR} 11... Nxe4 12. Bxe7 Re8 13. Bb4 Qb6 14. Rad1) 12. Qxd4 Qb6 13. Rfd1 Re8 ({RR} 13... h6 14. Bh4 c5 15. Qd3 Rd8 16. Qc2 g5 17. Bxg5 hxg5 18. Nexg5 Rf8 19. Bc4 Kg7 20. Bxf7 Rxf7 21. Rxd7 Bxd7 22. Ne5 Be6 ({RR} 22... Kf8 23. Ngxf7 ({RR} 23. Qg6 Rg7 24. Nxd7+ Kg8 ({RR} 24... Nxd7 25. Ne6+) 25. Qxg7+ ({RR} 25. Nxb6 Rxg6 26. Nxa8 Rxg5) 25... Kxg7 26. Nxb6 axb6) 23... Qe6 24. Qg6 Ng4 ({RR} 24... Ba4 25. b3 Bb5 26. Rd1) 25. Nxd7+ Qxd7 26. Ng5 Bxg5 27. Qxg5 Re8 28. Qxc5+) 23. Qg6+ Kf8 24. Nexf7) 14. Rac1 ({RR} 14. Qxb6 axb6 15. Nd6 Bxd6 16. Rxd6 Ne4 17. Rdd1 Nxg5 18. Nxg5 Ne5) 14... h6 15. Bh4 Qxd4 ({RR} 15... Nxe4 16. Qxe4 Qxb2 17. Bd3 ({RR} 17. Bxe7 Qxe2) ({RR} 17. Rc2 Qb4) 17... Kf8 18. Bxe7+ Rxe7 19. Qh7) 16. Rxd4 Nxe4 17. Rxe4 Kf8 ({RR} 17... g5 18. Bg3 Nf6 19. Rd4 Be6 20. a3 Rad8) 18. a3 Nf6 19. Re5 g5 20. Bg3 Nh5 21. Nd4 Nxg3 {Ivanchuk,V (2730)-Anand,V (2735) Las Palmas 1996 CBM 057 [Tsesarsky,Ilya] ½-½}) ({RR} 7. Nc3) ({RR} 7. Nc3 b5 8. Qd3 a6 9. Rc1 Nbd7 10. e4 c5 11. dxc5 Nxc5 12. Qxd8+ Kxd8 13. Ne5 Ke8 14. Nc6 h6 15. Bd2 Ncxe4 16. Nxe4 Nxe4 17. Nxe7 Kxe7 18. Bb4+ Nd6 19. Be2 a5 20. Rc7+ Bd7 21. Bxb5 Rhd8 {Md Imran (2382)-Vandan Alankar Sawai (2167) Budapest HUN 2024 1-0 (71)}) ({RR} 7. e3 O-O 8. Be2 Qa5+ 9. Nc3 Nbd7 10. O-O e5 11. Ne4 exd4 12. Qxd4 Qb6) ({RR} 7. Nc3 O-O 8. e4 h6 9. Bh4 Qb6 10. Rb1) 7... b6 8. Qc2 ({RR} 8. e4 Ba6 9. Qc2 Bxf1 10. Rxf1 ({RR} 10. Nxf1 O-O 11. Ng3 ({RR} 11. Rd1) ({RR} 11. N1d2) 11... c5 12. dxc5 bxc5 13. O-O Nfd7 ({RR} 13... Nc6 14. Rfd1 Nd7) 14. Bxe7 ({RR} 14. Bf4 Nc6 15. Rfd1) 14... Qxe7 15. e5) 10... h6 11. Bxf6 Bxf6 12. O-O-O O-O 13. Kb1 Qc8 ({RR} 13... Qc7 14. e5 Be7 15. Ne4 Na6) 14. e5 Be7 15. Ne4 Na6 16. Qd2 Rd8 ({RR} 16... c5 17. g4 ({RR} 17. d5 exd5 18. Qxd5 Qg4 19. Ng3 ({RR} 19. h3 Qg6 ({RR} 19... Qxg2 20. Nfg5 Qxf1 21. Rxf1)) 19... Nb4 20. Qe4 Qe6 21. a3 Qa2+ 22. Kc1 Rac8 ({RR} 22... Qa1+ 23. Qb1 Qxb1+ 24. Kxb1 Nc6 25. Rd7) 23. Nf5 Rfe8 24. Rd7 Nc6 25. Qg4 Bg5+ 26. Nxg5 Nxe5 ({RR} 26... Qa1+ 27. Kc2 Nd4+ 28. Kc3 Nb5+ 29. Kb3) 27. Qe4 hxg5) ({RR} 17. dxc5 Nxc5 18. Nxc5 ({RR} 18. Nd6 Qc6 19. Qf4 ({RR} 19. Rc1 Bxd6 20. exd6 Rfd8 21. Rfd1 Qe4+ 22. Ka1 Nb7) 19... f6 20. Rd2 fxe5 21. Qxe5 Rad8 22. Rfd1 Qa4 23. Qe1 Bxd6 24. Rxd6 Rxd6 25. Rxd6 Qg4) 18... Qxc5 19. Rc1 Qb5 20. Rfd1 Rac8) 17... cxd4 ({RR} 17... Qc6 18. Qe2 Qa4 19. g5 hxg5 20. Nfxg5 g6 21. Rg1 cxd4 22. Nxe6) 18. g5 Qc6 19. Qe2 Nc5 20. Rxd4 ({RR} 20. Nf6+ gxf6 21. gxf6 Bxf6 ({RR} 21... Bd8 22. Rg1+ Kh8 ({RR} 22... Kh7 23. Ng5+) 23. Qd2 Qe4+ 24. Ka1 Qh7 25. Rg7) 22. exf6 Qe4+ 23. Qxe4 Nxe4 24. Rg1+ Kh8 25. Rxd4 Nxf6) 20... Nxe4 21. Rxe4 Bxg5 22. Nxg5 hxg5 23. Rg1 Rac8 24. Reg4 g6 25. Rxg5 Qc4) 17. g4 c5 18. g5 h5 ({RR} 18... hxg5 19. Nfxg5 Rxd4 20. Qe2 Bxg5 21. Nxg5 g6 22. h4 ({RR} 22. Qf3 Qf8) 22... Rxh4 ({RR} 22... Nb4 23. h5 Qc6 24. hxg6 fxg6 25. a3 Rxd1+ 26. Rxd1 Nd5 27. Qe4 Qe8 28. Qh4) 23. Qf3 Qf8 24. Nxf7 Rb8 25. Rd7) 19. Nf6+ Kf8 ({RR} 19... Kh8 20. g6 ({RR} 20. Nxh5) 20... Bxf6 ({RR} 20... fxg6 21. Qg5 Bxf6 22. exf6 Qb7 23. Qxg6 gxf6 24. Qxf6+ Qg7 25. Qxe6 {RR} Nc7 26. Qe5) 21. exf6) ({RR} 19... gxf6 20. gxf6 Kf8 ({RR} 20... Bxf6 21. exf6) 21. Qh6+ Ke8 22. fxe7 Kxe7 23. Qf6+ Ke8 24. Rg1) 20. g6 fxg6 ({RR} 20... Qc6 21. Qf4 gxf6 ({RR} 21... fxg6 22. d5 exd5 23. Nxd5+ Ke8 24. Nxe7 Kxe7 ({RR} 24... Rxd1+ 25. Rxd1 Kxe7 26. Rd6) 25. Rd6) 22. exf6 Bxf6 23. Ne5) 21. Qf4 gxf6 22. exf6 Bd6 {Topalov,V (2702)-Lautier,J (2632) Monte Carlo 2000 CBM 076 [Tsesarsky,Ilya] 1-0} ({RR} 22... Rd5 23. Qh6+ Ke8 24. Qxg6+ Kd8 25. Qf7)) 8... h6 $146 ({RR} 8... Bb7 9. e4 h6 10. Bh4 g5 11. Bg3 c5 12. Bb5+ Bc6 13. Be2 Kf8 14. dxc5 bxc5 15. Ne5 Bb7 16. O-O Qc8 17. h4 gxh4 18. Bxh4 Nc6 19. Nxc6 Qxc6 20. Qc3 e5 21. Qxe5 Re8 22. Nc4 Bd8 23. Qd6+ {Ortega,L (2452)-Trabert,B (2319) Letojanni 2002 1-0}) 9. Bxf6 Bxf6 1/2-1/2

[Event "TUR-chT"]
[Site "Ankara"]
[Date "2025.08.04"]
[Round "1.19"]
[White "Andreikin, Dmitry"]
[Black "Mamedov, Rauf"]
[Result "1/2-1/2"]
[WhiteElo "2695"]
[BlackElo "2659"]
[PlyCount "221"]
[EventDate "2025.08.04"]
[EventType "team-tourn"]
[EventRounds "15"]
[EventCountry "TUR"]
[SourceTitle "Mega2025 Update 47"]
[Source "Chessbase"]
[SourceDate "2025.09.26"]
[SourceVersion "1"]
[SourceVersionDate "2025.09.26"]
[SourceQuality "1"]
[WhiteTeam "Hukukcu Fenerbahceliler"]
[BlackTeam "Guzelbahce Satranc"]
[WhiteTeamCountry "TUR"]
[BlackTeamCountry "TUR"]

1. c4 e6 2. Nf3 d5 3. d4 c5 4. cxd5 exd5 5. Bg5 Be7 6. Bxe7 Qxe7 7. dxc5 Nf6 8. e3 {is cutting edge theory. ist die Avantgarde der Theorie.} ({RR} 8. Nc3 Qxc5 9. Qd4 Qe7 10. Nxd5 Nxd5 11. Qxd5 Nc6 12. e3 O-O 13. a3 Rd8 14. Qg5 Qe4 15. Be2 Qc2 16. Nd4 Qxb2 17. O-O h6 18. Qh4 Rxd4 19. exd4 Qxe2 20. Rfe1 Qc4 21. Rac1 Qd5 22. Rc5 Qd6 {Kortschnoj,V (2635)-Marjanovic,S (2525) Titograd 1984 ½-½}) 8... Qxc5 9. Nc3 Nc6 10. Bb5 $146 ({RR} 10. Be2 O-O 11. O-O Rd8 {½-½ (11) Conquest,S (2400)-Petursson,M (2520) Hastings 1986}) ({RR} 10. h3 O-O 11. a3 Rd8 12. Rc1 d4 13. Nb5 Qb6 14. Nbxd4 Nxd4 15. Nxd4 Qxb2 16. Bc4 Qxa3 17. O-O Qe7 18. Qf3 Rb8 19. Ra1 Bd7 20. Rfb1 Rbc8 21. Bf1 Bc6 22. Nxc6 bxc6 23. Ra6 Ne4 24. Rba1 Rc7 {Rostomyan,M (2282)-Altman,J (2218) Washington DC USA 2026 ½-½ (59)}) 10... O-O 11. h3 $146 (11. Rc1 Bg4 12. O-O Rfd8 13. Bxc6 bxc6 14. h3 Bxf3 15. Qxf3 Qb4 16. b3 c5 17. Rfd1 {1-0 Moranda,W (2594)-Fish,G (2460) BL2-Nord 1617 2016 (8.1)}) 11... Rd8 12. O-O Ne4 13. Bxc6 Nxc3 14. Rc1 Nxd1 15. Rxc5 Nxb2 16. Rxd5 Be6 17. Rxd8+ Rxd8 18. Bxb7 Bxa2 19. Nd4 Rb8 20. Ra1 Rxb7 21. Rxa2 Nd3 22. Nc6 Rb1+ 23. Kh2 g6 24. Nxa7 Rb6 25. Rd2 Nc5 26. Nc8 Re6 27. g4 Ne4 28. Rc2 Kg7 29. Kg2 h5 30. Na7 hxg4 31. hxg4 Nf6 32. Kf3 Nd7 33. Nb5 Ne5+ 34. Kg3 Rb6 35. Nd4 g5 36. Rc5 Kf6 37. Rd5 Ra6 38. Rb5 Ra1 39. Rb6+ Kg7 40. Rb5 Kf6 41. Rb6+ Kg7 42. f3 Rg1+ 43. Kf2 Ra1 44. Nf5+ Kh7 45. Rb5 Ra2+ 46. Kg3 Nc4 47. Rb1 Ra3 48. Kf2 Ra2+ 49. Kg3 Ra3 50. Re1 Kg6 51. Re2 Rd3 52. Rh2 f6 53. Rh6+ Kf7 54. Rh7+ Kf8 55. Rh8+ Kf7 56. Rh7+ Kf8 57. Re7 Nd6 58. Re6 Nxf5+ 59. gxf5 Kf7 60. e4 Rd1 61. Ra6 Rg1+ 62. Kf2 Rb1 63. Ra7+ Kf8 64. Ke3 Rb3+ 65. Kf2 Rb1 66. Ra3 Ke7 67. Ke3 Rd1 68. Rd3 Ra1 69. Rd2 Kf7 70. Kf2 Rb1 71. Rd7+ Ke8 72. Rh7 Kf8 73. Rc7 Ra1 74. Rc3 Ke7 75. Ke3 Rd1 76. Ra3 Rd7 77. Ra1 Rd6 78. Kf2 Rd2+ 79. Kg3 Kf7 80. Ra7+ Kf8 81. Ra8+ Kg7 82. Ra7+ Kf8 83. Rh7 Kg8 84. Rc7 Kf8 85. Rb7 Re2 86. Kg4 Rh2 87. Ra7 Rh1 88. Kg3 Rg1+ 89. Kf2 Rb1 90. Ra3 Ke7 91. Ke3 Rd1 92. Rc3 Ke8 93. Rd3 Ra1 94. Ke2 Ke7 95. Rd1 Ra2+ 96. Ke3 Ra3+ 97. Kf2 Ra2+ 98. Kg3 Kf7 99. Rb1 Re2 100. Rb4 Ra2 101. Rb7+ Kf8 102. e5 Ra5 103. Rb8+ Ke7 104. Rb7+ Kf8 105. Rb6 Rxe5 106. Rxf6+ Ke7 107. Re6+ Rxe6 108. fxe6 Kxe6 109. Kg4 Kf6 110. f4 gxf4 111. Kxf4 1/2-1/2

[Event "Titled Tue 17th Jan Early"]
[Site "chess.com INT"]
[Date "2023.01.17"]
[Round "5"]
[White "Oparin, G."]
[Black "Bluebaum, M."]
[Result "0-1"]
[WhiteElo "2670"]
[BlackElo "2661"]
[PlyCount "209"]
[EventDate "2023.01.17"]

1. d4 d5 2. c4 e6 3. Nf3 Nf6 4. g3 Nc6 5. Bg2 Bd6 6. O-O O-O 7. c5 ({RR} 7. b3 dxc4 8. bxc4 e5 9. c5 Be7 10. dxe5 Qxd1 11. Rxd1 Ne4 12. Ba3 Bxc5 13. e3 Be6 14. Rc1 Rfd8 15. Ne1 Bxa3 16. Nxa3 Ng5 17. Nb5 Nh3+ 18. Bxh3 Bxh3 19. Nxc7 Rac8 20. Nb5 Nxe5 21. Rxc8 Rxc8 {Giri,A (2748)-Firouzja,A (2766) Zagreb 2025 0-1 (41)}) ({RR} 7. Bg5 dxc4 8. Nbd2 h6 9. Bxf6 Qxf6 10. Nxc4 e5 11. dxe5 Bxe5 12. Qc1 Nd4 13. Nxd4 Bxd4 14. e3 Bb6 15. b4 c6 16. a4 Bc7 17. b5 Bd7 18. Rb1 Rab8 19. Qa3 Bf5 20. Rbc1 cxb5 21. axb5 a6 {Horvath,D (2557)-Engel,L (2560) St. Pauli GER 2026 ½-½ (45)}) 7... Be7 8. a3 ({RR} 8. Nc3 b6 9. cxb6 axb6 10. a3 Na5 11. Bg5 h6 12. Bxf6 Bxf6 13. e4 Nc4 14. Ra2 dxe4 15. Nxe4 Bb7 16. Qd3 Nd6 17. Nxf6+ Qxf6 18. b4 Ba6 19. Qe3 Bxf1 20. Kxf1 Nf5 21. Qc3 c5 22. bxc5 bxc5 {Rangel,D (2177)-Bluebaum,M (2647) chess.com INT 2024 0-1 (37)}) 8... b6 $146 ({RR} 8... a5 9. Nc3 b6 10. cxb6 cxb6 11. Bf4 Ba6 12. Rc1 Rc8 13. Re1 b5 {½-½ (13) Hlozek,M (2051)-Babula,M (2012) Stare Mesto 2025} ({RR} 13... h6 14. h3 b5 15. Ne5 Nxe5 16. dxe5 Nd7 17. e4 d4 18. Qxd4 g5 19. Be3 Bc5)) 9. b4 Ne4 10. Bb2 f5 11. Nbd2 bxc5 12. bxc5 Rb8 13. Qc2 Ba6 14. Rfe1 Bf6 15. e3 Qd7 16. Rab1 Rb7 17. Ba1 Rfb8 18. Rxb7 Rxb7 19. Rb1 Qc8 20. Rb2 Rxb2 21. Bxb2 Qb7 22. Ne1 Na5 23. Bc3 Nc4 24. Nxc4 Bxc4 25. Bb2 Nxc5 26. Qxc4 dxc4 27. Bxb7 Nxb7 28. Nc2 c5 29. Kf1 Kf7 30. Ke2 Ke7 31. Bc3 Kd7 32. Kd2 cxd4 33. Bxd4 Bxd4 34. Nxd4 Nc5 35. f3 Na4 36. h4 a6 37. h5 g6 38. h6 e5 39. Ne2 Kd6 40. Ng1 Ke6 41. Nh3 Kf6 42. f4 Nc5 43. Kc3 Ne4+ 44. Kxc4 g5 45. fxe5+ Kxe5 46. Kb4 Kf6 47. Ka5 Nxg3 48. Kxa6 Nf1 49. Kb5 Nxe3 50. a4 g4 51. Nf4 Kg5 52. Ne6+ Kxh6 53. a5 g3 54. Nf4 Kg5 55. Ne2 g2 56. a6 Nd5 57. a7 Nc7+ 58. Kc6 Na8 59. Kb7 f4 60. Ng1 Kg4 61. Kxa8 f3 62. Nxf3 Kxf3 63. Kb8 g1=Q 64. a8=Q+ Kg3 65. Qa3+ Kh2 66. Qb2+ Kh3 67. Qh8 Qg3+ 68. Ka7 Qc7+ 69. Ka6 Qd6+ 70. Ka7 Qg6 71. Qc3+ Kh2 72. Qd2+ Kh1 73. Qd5+ Kh2 74. Qd2+ Kg3 75. Qe3+ Kg4 76. Qe2+ Kh3 77. Qf3+ Kh4 78. Qf4+ Kh5 79. Qf3+ Qg4 80. Qh1+ Kg6 81. Qc6+ Kg5 82. Qd5+ Qf5 83. Qg2+ Kf6 84. Qc6+ Kg7 85. Qg2+ Kf7 86. Qa2+ Qe6 87. Qf2+ Qf6 88. Qh2 Qe7+ 89. Ka8 Qe8+ 90. Kb7 Qe4+ 91. Ka7 Qd4+ 92. Ka8 Qd5+ 93. Ka7 h5 94. Qf4+ Kg6 95. Qg3+ Kf5 96. Qh3+ Kf4 97. Qh4+ Ke3 98. Qh3+ Qf3 99. Qe6+ Kf2 100. Qa2+ Kg1 101. Qb1+ Kg2 102. Qg6+ Kh1 103. Qg5 Qf2+ 104. Kb7 Qg2+ 105. Ka6 0-1

[Event "EU-ch 10th"]
[Site "Budva"]
[Date "2009.03.14"]
[Round "8"]
[White "Meier, Georg"]
[Black "Grachev, Boris V"]
[Result "1/2-1/2"]
[WhiteElo "2608"]
[BlackElo "2655"]
[PlyCount "200"]
[EventDate "2009.03.06"]
[EventType "swiss"]
[EventRounds "11"]
[EventCountry "MNE"]
[SourceTitle "CBM 130"]
[Source "ChessBase"]
[SourceDate "2009.05.20"]
[SourceVersion "1"]
[SourceVersionDate "2009.05.20"]
[SourceQuality "1"]

1. d4 {Finkel,Alexander} d5 2. c4 c6 3. Nf3 Nf6 4. e3 e6 5. Nbd2 c5 6. cxd5 exd5 7. b3 Nc6 ({RR} 7... Bd6 8. Bb2 O-O 9. Bd3 Nc6 10. O-O cxd4 11. Nxd4 Ne5 12. N2f3 Nxd3 13. Qxd3 Re8) ({RR} 7... cxd4 8. Nxd4 Bb4 9. Qc2 Nc6 10. Nxc6 bxc6 11. Bd3 O-O 12. O-O Bd6 13. Bb2) 8. Bb2 ({RR} 8. Bb5 Bd7 9. Bb2 cxd4 10. Nxd4 Nxd4 11. Bxd7+ Qxd7 12. Bxd4 Be7 13. O-O O-O 14. Qf3 a6 15. Rfd1 Qe6) 8... cxd4 ({RR} 8... Bd6 9. Be2 O-O 10. O-O Re8 11. dxc5 Bxc5 12. Qc2 Bb6 13. Rfe1 Bg4 14. a3 Rc8) 9. Nxd4 Bd6 ({RR} 9... Bb4 10. a3 Ba5 11. b4 Bb6 12. Nxc6 bxc6 13. Qc2 Qd6 14. Rc1 Bd7 15. Bd3 ({RR} 15. Ba6 O-O 16. O-O Rae8 17. Qc3 Re6 18. Rfd1 d4 19. exd4 Nd5 20. Qf3) 15... a5 16. O-O axb4 17. axb4 O-O ({RR} 17... Qxb4 18. Ra1 O-O 19. Bxf6 gxf6 20. Bxh7+ Kg7 21. Bd3 Qc5) 18. Bxf6 Qxf6 19. Bxh7+ Kh8 20. Bd3 Ra3 21. Nb1 ({RR} 21. Nb3 Rfa8 22. Qd1 Qg5 23. Re1 R8a4 24. Nd4 Bxd4 25. exd4 Rxb4 26. Ra1) 21... Ra1 22. Qe2 ({RR} 22. Nc3 Ra3 23. Na4 Bc7 24. Nc5) 22... g6 23. Kh1 ({RR} 23. Nc3) 23... Kg7 24. Nc3 {Karpov,A (2693)-Shirov,A (2737) Bastia 2003 CBM 098 [Finkel,Alexander] 0-1}) ({RR} 9... Nxd4 10. Bxd4 Be7 11. Bd3 O-O 12. h3 Be6 13. O-O Rc8 14. Qf3 a6 15. Rfd1) 10. Rc1 ({RR} 10. Be2 O-O 11. O-O Nxd4 12. Bxd4 Qe7 13. Nf3 Be6 14. Rc1 Ba3 15. Rb1 Rfc8 16. Bb2 Bf5) ({RR} 10. Be2 O-O 11. O-O Re8 12. Rc1 Bd7 13. N2f3 a6 14. a3 Qe7 15. a4 Ne4 16. Qd3 Rad8 17. Nxc6 bxc6 18. Qxa6 Nc5 19. Qa5 Rb8 20. Qc3 f6 21. Nd4 Rb7 22. Qc2 Nxb3 23. Nxb3 Reb8 24. Bd1 Rxb3 {Khaleev,T (1938)-Todorovic,G (2262) Belgrade SRB 2025 ½-½ (36)}) 10... Bd7 11. Nxc6 $146 ({RR} 11. Be2 O-O 12. O-O Nxd4 13. Bxd4 Ba3 14. Rc3 Bb2 15. Rd3 Bxd4 16. Rxd4 Rc8 17. Nf3 Bf5 18. Bd3 Bxd3 19. Qxd3 Re8 20. h3 a6 21. Rd1 Qa5 22. Qe2 Qa3 23. Ra4 Qc5 24. Qe1 h6 25. Rad4 Re7 {Schurick-Rodo (2668) Playchess.com INT 2007 0-1 (73)}) 11... bxc6 12. Ba6 Rb8 13. O-O O-O 14. Nc4 Be7 15. Ne5 Rb6 16. Bd3 c5 17. Nxd7 Qxd7 18. Qc2 g6 19. Rfd1 Qe6 20. Qc3 Rd8 21. Bf1 Qf5 22. Qe5 Qxe5 23. Bxe5 Re6 24. Bc7 Rc8 25. Ba5 Rd6 26. Rc2 Bd8 27. Bxd8 Rdxd8 28. Rdc1 Nd7 29. g3 Rc6 30. Bb5 Rd6 31. Bxd7 R8xd7 32. Rxc5 d4 33. exd4 Rxd4 34. Ra5 Rd2 35. Rc3 Re7 36. a3 Kg7 37. b4 h5 38. Kg2 Ree2 39. Rf3 Re7 40. h3 Rc7 41. Ra6 Re7 42. Rf4 Rc7 43. a4 Re7 44. Rc6 Rb2 45. b5 Rd7 46. Rcc4 Ra2 47. Rc6 Rb2 48. h4 Re7 49. Rc3 a6 50. bxa6 Rb6 51. Ra3 Rxa6 52. Kf3 Ra5 53. Re4 Rd7 54. Ke2 Rad5 55. Ra2 Kf8 56. Rb2 Kg7 57. Ra2 Kf8 58. f4 Kg7 59. Re5 Rd3 60. Kf2 Rc3 61. Re3 Rc5 62. a5 Ra7 63. Re5 Rc3 64. Rb5 Ra6 65. f5 Kh6 66. fxg6 fxg6 67. Rg5 Rf6+ 68. Kg2 Rcc6 69. Re5 Rc7 70. Rb5 Ra7 71. Rf2 Rfa6 72. Ra2 Rf6 73. Kh3 Rd6 74. Rc2 Rda6 75. Rcc5 Rd6 76. Rd5 Re6 77. Rb2 Rea6 78. Ra2 Re6 79. Rg5 Rea6 80. Kg2 Ra8 81. Ra3 Re8 82. Rb5 Rf6 83. Ra2 Ra8 84. Re5 Ra7 85. Rb2 Rfa6 86. Rbb5 Rf6 87. Kh3 Rd6 88. Rg5 Rda6 89. g4 hxg4+ 90. Kxg4 Rc7 91. h5 Rc4+ 92. Kf3 gxh5 93. Rxh5+ Kg6 94. Ke3 Rd6 95. Rhf5 Ra4 96. Rf2 Ra6 97. Rff5 Rd6 98. Rf8 Kg7 99. Rf1 Kg6 100. Rff5 Ra3+ 1/2-1/2

[Event "56th Biel GM 2023"]
[Site "Biel SUI"]
[Date "2023.07.20"]
[Round "3.3"]
[White "Navara, D."]
[Black "Moussard, J."]
[Result "1/2-1/2"]
[WhiteElo "2689"]
[BlackElo "2654"]
[PlyCount "189"]
[EventDate "2023.07.18"]

1. Nf3 Nf6 2. c4 e6 3. g3 d5 4. Bg2 Be7 5. O-O O-O 6. d4 dxc4 7. Qc2 c6 8. Qxc4 b5 9. Qc2 Bb7 10. Rd1 Nbd7 11. Bg5 ({RR} 11. Nc3 Qb6 12. e4 c5 13. e5 Nd5 14. Bg5 Nb4 15. Qb1 Bxf3 16. dxc5 Nxc5 17. Bxe7 Bxd1 18. Qxd1 Rac8 19. Bxf8 Kxf8 20. Ne4 Rd8 21. Qe2 Nxe4 22. Bxe4 Nc6 23. Rc1 Nxe5 24. Qh5 f5 25. h3 h6 {Van Foreest,J (2735)-Sindarov,J (2776) Bucharest ROU 2026 0-1 (53)}) 11... Qb6 12. Nbd2 $146 ({RR} 12. a4 a5 13. Nc3 h6 14. Bxf6 Nxf6 15. Ne5 Rfd8 16. e3 Rac8 17. Rac1 Bd6 18. Nd3 Ba6 19. h4 b4 20. Ne4 Nxe4 21. Bxe4 Bxd3 22. Qxd3 c5 23. d5 Be5 24. b3 Qc7 25. Qc4 exd5 26. Bxd5 Qe7 {Kourkoulos Arditis,S (2535)-Stoyanov,T (2442) Thessaloniki 2022 1-0 (47)}) ({RR} 12. Ne5 Nxe5 13. dxe5 Ng4 14. Bxe7 Qxf2+ 15. Kh1 Qxg2+ 16. Kxg2 Ne3+ 17. Kf2 Nxc2 18. Bxf8 Kxf8 19. Nc3 Nxa1 20. Rxa1 Rd8 21. Ke3 a6 22. b4 c5 23. bxc5 Rc8 24. Kd4 Rd8+ 25. Ke3 Rc8 26. Kd4 Rd8+ {So,W (2753)-Vestby-Ellingsen,M (2385) chess.com INT 2026 ½-½}) 12... Rfd8 13. a4 c5 14. axb5 Qxb5 15. Qb3 Qxb3 16. Nxb3 Bd5 17. Nxc5 Nxc5 18. dxc5 Bxc5 19. Ne5 Bxg2 20. Rxd8+ Rxd8 21. Kxg2 Rd5 22. Bxf6 gxf6 23. Nd3 Bb6 24. Rc1 f5 25. h3 Kg7 26. Rc8 Rb5 27. Rb8 e5 28. g4 Kf6 29. b4 e4 30. Nf4 fxg4 31. hxg4 Kg5 32. e3 Kxg4 33. Rb7 Rf5 34. Ne2 Rb5 35. Rxf7 Rxb4 36. Nc3 Kg5 37. Rxh7 Kf5 38. Kg3 Rc4 39. Nb5 Rc1 40. Rh5+ Ke6 41. Kf4 Rf1 42. Rh6+ Ke7 43. Kg3 Bxe3 44. fxe3 Rf3+ 45. Kg4 Rxe3 46. Kf5 Rf3+ 47. Ke5 e3 48. Nd4 Rf7 49. Nf5+ Kd7 50. Nxe3 Re7+ 51. Kd4 Re6 52. Rh7+ Re7 53. Rh5 Re6 54. Nd5 Re1 55. Rh7+ Kd6 56. Rxa7 Rd1+ 57. Ke4 Re1+ 58. Ne3 Re2 59. Ra3 Re1 60. Kd4 Re2 61. Ra6+ Ke7 62. Nd5+ Kf7 63. Ra7+ Kf8 64. Nf4 Re1 65. Kd5 Ke8 66. Kd6 Rd1+ 67. Nd5 Rd2 68. Re7+ Kf8 69. Rb7 Rd1 70. Rb3 Kf7 71. Rf3+ Kg6 72. Ke6 Re1+ 73. Ne3 Kg5 74. Ke5 Kg6 75. Ke6 Kg5 76. Kf7 Ra1 77. Rf5+ Kh4 78. Kf6 Ra6+ 79. Ke5 Ra5+ 80. Nd5 Kg4 81. Rf4+ Kg3 82. Rb4 Kf3 83. Rb3+ Kg4 84. Rc3 Rb5 85. Ra3 Kh4 86. Ke4 Kg4 87. Ra7 Kg3 88. Rg7+ Kf2 89. Rf7+ Kg3 90. Rf3+ Kg4 91. Rf5 Kg3 92. Rf3+ Kg4 93. Ne3+ Kg5 94. Rf5+ Rxf5 95. Nxf5 1/2-1/2